000 00296 a2200157 4500
001 173504
020 _a
040 _cMagnum
100 _aIacocca, Liliana
240 1 0 _aPapagaiada
_lpor
245 1 0 _aPapagaiada
362 0 _a1899
440 1 _aÁtica
697 _aI/GERAL
942 _cBK
999 _c173504
_d173504